| 000 | 00741nam a2200193Ia 4500 | ||
|---|---|---|---|
| 003 | GCL | ||
| 008 | 140319s9999 xx 000 0 ara d | ||
| 040 |
_aGCL / _cGCL |
||
| 082 | 0 | 4 |
_a324.2 _bع ن |
| 100 | 1 | _aعصام الدين محمد حسن | |
| 245 | 1 | 0 |
_aنحو قانون ديمقراطى لانهاء نظام الحزب الواحد / _cعصام الدين محمد حسن |
| 250 | _aالاولى | ||
| 260 |
_aالقاهرة : _bمركز القاهرة لدراسات حقوق الانسان ، _c2005 |
||
| 300 |
_a128 ص ؛ _c20 سم |
||
| 650 | 0 | 4 | _aالاحزاب السياسية |
| 650 | 0 | 4 | _aمصر - الاحزاب السياسية |
| 650 | 0 | 4 | _aمصر - الحزب الوطنى الديمقراطى |
| 942 |
_2ddc _cBK |
||
| 999 |
_c7627 _d7627 |
||